Statystyki dla Rekordy Temperatur

Kliknij tutaj aby rozwiązać quiz!

Ogólne statystyki

  • Ten quiz został rozwiązany 6 razy
  • Średni wynik to 8 z 14

Statystyki odpowiedzi

RokMiejscePaństwo/TerytoriumTemperatura% Poprawnych
2004Pustynia LutIran68,0°C
100%
2005Pustynia LutIran70,7°C
100%
2006Pustynia LutIran68,5°C
100%
1983Stacja WostokAntarktyka-89,2°C
67%
2003QueenslandAustralia69,3°C
67%
2007Pustynia LutIran69,0°C
67%
1935IfranMaroko-23,9°C
67%
1907SarmientoArgentyna-32,8°C
33%
2008Kotlina TurfańskaChiny66,8°C
33%
1954North IceGrenlandia-66,1°C
33%
2009Pustynia LutIran68,6°C
33%
1947SnagKanada-63,0°C
33%
2004TomtorRosja-72,2°C
33%
1978Ust-SzczugierZSRR-58,1°C
33%

Rozkład punktacji

Percentyl według liczby udzielonych odpowiedzi

Procent ludzi z każdym wynikiem

Twoja historia wyników

Nie rozwiązałeś tego quizu